000 00530pab a2200145 454500
008 180718b2006 xxu||||| |||| 00| 0 eng d
100 _aMontereo, Sergio Graf et al.
245 _aCollaborative governance for sustainable water resources management: the experience of the inter-municipal initiative for the integrated management of the Ayuquila river Basin, Mexico
260 _c2006
300 _ap.297-313.
362 _aOct
650 _aWater resources management
773 _aEnvironment and Urbanization
909 _a72464
999 _c72464
_d72464